000 00401nam a2200181Ia 4500
001 16847
005 20260306170341.0
008 260306t1987||||xx |||||||||||||| ||und||
041 _aESP
082 _a657.044
_bK53 V. 5
100 _aKieso, Donald E.
_eAUT
245 0 _aContabilidad moderna
260 _c1987
300 _a
_c
650 _aGEN
654 _aCCO
942 _cLIB
_dJUS
_fJUS
_2ddc
_n
999 _c16847
_d16847